LEADER 01548nam a2200385 i 4500 001 991001199379707536 005 20020507112758.0 008 970308s1968 us ||| | eng 035 $ab10187455-39ule_inst 035 $aLE00643799$9ExL 040 $aDip.to Fisica$bita 084 $a53.1.4 084 $a53.3.11 084 $a53.3.12 084 $a53.5 084 $a530.12 084 $aQC174.1.S34 100 1 $aSchiff, Leonard I.$017872 245 10$aQuantum mechanics /$cLeonard I. Schiff 250 $a3rd ed. 260 $aNew York :$bMcGraw-Hill Book Co.,$cc1968 300 $axviii, 544 p. :$bill. ;$c23 cm 490 0 $aMcGraw-Hill international editions. Physics series 500 $aBibliographical footnotes 650 4$aQuantum theory 907 $a.b10187455$b27-07-17$c27-06-02 912 $a991001199379707536 945 $aLE006 53.1.4 SCH$g3$i2006000042017$lle006$o-$pE0.00$q-$rl$s- $t0$u1$v0$w1$x0$y.i10230956$z27-06-02 945 $aLE006 53.1.4 SCH$g2$i2006000042031$lle006$o-$pE0.00$q-$rl$s- $t0$u3$v0$w3$x0$y.i10230968$z27-06-02 945 $aLE006 53.1.4 SCH$g1$i2006000072212$lle006$o-$pE0.00$q-$rl$s- $t0$u2$v0$w2$x0$y.i1023097x$z27-06-02 945 $aLE006 53.1.4 SCH$g4$i2006000072229$lle006$o-$pE0.00$q-$rl$s- $t0$u6$v0$w6$x0$y.i10230981$z27-06-02 945 $aLE006 53.1.4 SCH$cC. 5$g1$i2006000176934$lle006$og$pE39.51$q-$rl$s- $t0$u1$v6$w1$x0$y.i15815304$z27-07-17 996 $aQuantum mechanics$9190159 997 $aUNISALENTO 998 $ale006$b01-01-97$cm$da $e-$feng$gus $h0$i4 LEADER 01899nam0 2200409 i 450 001 CFI0120367 005 20251003044123.0 010 $a8815015035 020 $aIT$b90-2913 100 $a20170302d1987 ||||0itac50 ba 101 | $aita 102 $ait 181 1$6z01$ai $bxxxe 182 1$6z01$an 183 1$6z01$anc$2RDAcarrier 200 1 $aˆLa ‰bilancia agroalimentare italiana$fa cura di Giuseppe Medici e Guido Fabiani 210 $aBologna$cIl mulino$d\1987! 215 $a187 p.$d22 cm. 225 | $aCollana della Società italiana degli economisti 410 0$1001CFI0080841$12001 $aCollana della Società italiana degli economisti$171202$aSocietà italiana degli economisti$3CFIV010023 606 $aItalia$xPolitica agraria$2FIR$3CFIC008481$9E 676 $a338.1$9Produzione - Agricoltura$v14 676 $a382.410945$9$v21 686 $aIT/4430.7$cFONTI STATISTICHE ITALIA 1968-1989$2R 686 $aIT/4431.0$cAGRICOLTURA ITALIA 1968-1989$2R 686 $aIT/4431.1$cPOLITICA E LEGISLAZIONE AGRICOLA ITALIA 1968-1989$2R 702 1$aFabiani$b, Guido$f <1939- >$3CFIV008538 702 1$aMedici$b, Giuseppe$f <1907-2000>$3CFIV074173 790 1$aSassuolo$b, Giuseppe$3SBNV029452$zMedici, Giuseppe <1907-2000> 801 3$aIT$bIT-000000$c20170302 850 $aIT-BN0095 901 $bNAP 01$cPOZZO LIB.$nVi sono collocati fondi di economia, periodici di ingegneria e scienze, periodici di economia e statistica e altri fondi comprendenti documenti di economia pervenuti in dono. 912 $aCFI0120367 950 0$aBiblioteca Centralizzata di Ateneo$c1 v.$d 01POZZO LIB.ECON MON 8236$e 0101 0000102045E VMA 1 v. (Precedente collocazione: GUERRAZZI B 1356)$fB $h20091209$i20091209 977 $a 01 996 $aBilancia agroalimentare italiana$955562 997 $aUNISANNIO